01014nam a22001937a 45000010005000000030006000050050017000110080041000280200018000690400029000870500016001160820008001321000022001402450051001622600041002133000053002545200489003076500024007968965FISKH20251111150418.0251111b cb ||||| |||| 00| 0 eng d a9780153097850 aFISKHbengcFISKHdFISKH aH86.H37 C65 a300 aBoehm, Richard G. aCommunities : bHarcort brace social studies / aOrlando : bHarcourt Brace, c2002.  a397, 49 pages : bcolor illustrations ; c29 cm  aHarcourt Social Studies: Communities introduces young learners to the concept of communities—how people live, work, and play together. Through engaging stories, colorful illustrations, maps, and photographs, students explore different types of communities (urban, suburban, and rural) and learn about their roles as citizens. The book builds understanding of geography, history, government, and culture at the community level, encouraging respect, cooperation, and social awareness. aSocial Studies Text